000
00325nam a2200133 a 4500
005
20140414132041.0
008
100828s19uu xx 00 eng d
050
_a
BB
_b
P21 2009
100
_a
Remigio, Ompong
245
_a
Papel de liha.
260
_a
Manila, Philippines :
_b
Adarna,
_c
2009.
440
_a
999
_c
113863
_d
113863